000 00534nam a22001817a 4500
003 AM-YeHGA
005 20250617154320.0
008 180724s ||||| |||| 00| 0 rus d
040 _aAM-YeHGA
041 0 _arus
100 1 _aПопов, Николай Иванович
245 1 0 _aПро любовь мою :
_bСтихи /
_cНиколай Попов
260 _aКалинин :
_bКн. изд-во,
_c1954.
300 _a132 с.
653 0 _aРусская литература
942 _2udc
_cBK
090 _c411540
999 _c409257
_d409257